000 00734nam a2200253Ia 4500
003 OSt
005 20220918224725.0
006 a|||||r|||| 00| 0
007 ta
008 220917b |||||||| |||| 00| 0 eng d
020 _c2188.48
024 _a233,745
037 _b11667, 05/02/2008, Overseas Press
_cTextual
040 _aARTS
_cARTS
_beng
041 _2eng
_aeng
082 _aR65,6:g, P7
100 _aRosen Steven J.
_939246
245 0 _aKrishna's song
_b new look at the Bhagvad Gita
260 _aLondon
_bPraeger UK
_c2007
300 _axvl,172p.
_ccm.
650 _aPHILOSOPHY
942 _hR65,6:g, P7
_cTEXL
_2CC
999 _c282117
_d282117